000 00566nam a2200229Ia 4500
003 OSt
005 20221005131243.0
006 a|||||r|||| 00| 0
007 ta
008 221004b |||||||| |||| 00| 0 kan d
024 _a59872
037 _cTextual
040 _aCRL
_cCRL
_bkan
041 _2kan
_akan
082 _aO33,1D9P:g, J1
100 _aRajaratnam Au.
_9627016
245 0 _aShri kavi panpa
260 _c1951
650 _aKANNAD POETRY
942 _hO33,1D9P:g, J1
_cTEXL
_2cc
999 _c1059771
_d1059771